000 00754nam a2200229 i 4500
001 59997
003 ES-MaACL
005 20230906164133.0
007 t|
008 031031s1944 sp ||||1| spa d
100 1 _aErizzo, Pietro Luigi.
_947399
245 1 3 _aLa vida del abogado /
_cP. Erizzo y H. Erizzo ; [versión española de Lorenzo Quintana].
250 _a[1ª ed.].
260 _aBarcelona :
_bLuis de Caralt,
_c1944 (
_fCasa Provincial de Caridad, Imp. Escuela)
300 _a250 p. ;
_c21 cm.
490 1 _aAtalaya del tiempo presente
700 1 _aErizzo, Hettore.
_947398
700 1 _aQuintana, Lorenzo.
_994667
830 0 _aAtalaya del tiempo presente
_9230539
852 _aES-MaACL
_jF-16264
_bR.21233
999 _c59997
_d59997